Clinical Ayurveda Practice-The Hand Book (Record no. 208780)
[ view plain ]
| 000 -LEADER | |
|---|---|
| fixed length control field | 00345nam a2200109 4500 |
| 008 - FIXED-LENGTH DATA ELEMENTS--GENERAL INFORMATION | |
| fixed length control field | 250127b |||||||| |||| 00| 0 eng d |
| 022 ## - INTERNATIONAL STANDARD SERIAL NUMBER | |
| International Standard Serial Number | 0970-7158 |
| 245 ## - TITLE STATEMENT | |
| Title | Clinical Ayurveda Practice-The Hand Book |
| Statement of responsibility, etc | Prof. Dr. P. H. Kulkarni |
| 260 ## - PUBLICATION, DISTRIBUTION, ETC. (IMPRINT) | |
| Place of publication, distribution, etc | Pune |
| Name of publisher, distributor, etc | Deerghayu International |
| Date of publication, distribution, etc | 2016 |
| 300 ## - PHYSICAL DESCRIPTION | |
| Extent | Vol.2016, Issue.306 |
| Dimensions | 21cm |
| 942 ## - ADDED ENTRY ELEMENTS (KOHA) | |
| Source of classification or shelving scheme | Dewey Decimal Classification |
| Item type | Periodicals |
| Call number suffix | CLI |
| Serial record | 1 |
| Withdrawn status | Lost status | Source of classification or shelving scheme | Damaged status | Not for loan | Collection code | Home library | Current library | Shelving location | Date acquired | Source of acquisition | Cost, normal purchase price | Total Checkouts | Full call number | Date last seen | Copy number | Cost, replacement price | Price effective from | Koha item type |
|---|---|---|---|---|---|---|---|---|---|---|---|---|---|---|---|---|---|---|
| Dewey Decimal Classification | Non-fiction | D.B.Act.Division | D.B.Act.Division | On Display | 27/01/2025 | DBAD | 300.00 | CLI | 27/01/2025 | 1 | 300.00 | 27/01/2025 | Periodicals |
